000
00310nam a22001337a 4500
008
170707b xxu||||| |||| 00| 0 eng d
020
_a
0023795107
041
_a
eng
080
_2
2ND
_a
82
100
_a
22
101
_a
GJL
245
_a
CONCISE ANTHOLOGY OF AMERICAN LITERATURE
_c
MICHAEL,G
942
_2
udc
_c
BK
999
_c
20021
_d
20021